000 00534nam a2200181Ia 4500
008 240925s9999 xx 000 0 und d
020 _a9783662518885
082 _a005.12 POH
100 _aPohl, Klaus
245 0 _aRequirements engineering: fundamentals, principles, and techniques
250 _aNA
260 _aEngland:
_bJohan Wiley + sons
_c,2010.
300 _axxiv, 918p.
_b0
_fOriginal
500 _aIncludes Index
600 _aComputer Science
650 _aComputer science, information & general works
942 _cBK
999 _c17929
_d17929